003090000a2200073000450024500210000030000640002152001360008577300140022110aOtro año bueno aVol.0, núm.722 (30 Abril - 6 mayo, 2007), Páginas 46-49 aCon un aumento de 20.7% en las ventas y de 8.8% en las en las utilidades, el grupo de las 1.001 tuvo en 2006 excelentes resultados.0 tCambio 16